00779cam a22002294a 4500008004100000020002600041100002200067245013200089250001200221260003100233300003400264500002000298504004100318650003500359650003400394650003500428650003500463700002400498003000100522005001700523040000900540  a9780135145296 (pbk. )1 aMorrison, Gary R.10aIntegrating computer technology into the classroom :bskills for the 21st century /cGary R. Morrison [and] Deborah L. Lowther. a4th ed. aBoston :bPearson,cc2010. axxv, 357 p. :bill. ;c23 cm. aIncludes index. aIncludes bibliographical references. 0aComputer-assisted instruction. 0aComputer managed instruction. 0aComputersxStudy and teaching. 0aInstructional systemsxDesign.1 aLowther, Deborah L.20230123122202.0 cNUST